Příprava zájezdu spojeného s výstupem na horu Matterhorn. Případová studie
Rastúci záujem zákazníkov cestovných kancelárií prežiť dovolenku aktívne, zažiť dobrodružstvo, v adrenalínových športoch otestovať svoju psychickú a fyzickú kondíciu, navštíviť ťažko dostupné miesta. Vysokohorská turistika a jej zastúpenie v cestovnom ruchu. Prehľad výskumných štúdií o vysokohorske...
Enregistré dans:
| Auteur principal: | |
|---|---|
| Format: | Chapitre de livre |
| Langue: | tchèque |
| Sujets: | |
| Tags: |
Pas de tags, Soyez le premier à ajouter un tag!
|
MARC
| LEADER | 00000naa a2200000 4500 | ||
|---|---|---|---|
| 001 | 0262878 | ||
| 005 | 20200304135618.1 | ||
| 041 | 0 | |a cze | |
| 044 | |a CZ | ||
| 245 | 1 | 0 | |a Příprava zájezdu spojeného s výstupem na horu Matterhorn. Případová studie |c Vratislav Kozák |
| 520 | |a Rastúci záujem zákazníkov cestovných kancelárií prežiť dovolenku aktívne, zažiť dobrodružstvo, v adrenalínových športoch otestovať svoju psychickú a fyzickú kondíciu, navštíviť ťažko dostupné miesta. Vysokohorská turistika a jej zastúpenie v cestovnom ruchu. Prehľad výskumných štúdií o vysokohorskej turistike. Model zájazdu pre náročnejšiu klientelu s výstupom na Matterhorn (na hranici Talianska so Švajčiarskom) s doprovodom horských sprievodcov. | ||
| 610 | 2 | 0 | |a ruch cestovný |
| 610 | 2 | 0 | |a turistika |
| 610 | 2 | 0 | |a šport |
| 610 | 2 | 0 | |a kancelárie cestovné |
| 610 | 2 | 0 | |a ponuka |
| 610 | 2 | 0 | |a modely |
| 610 | 2 | 0 | |a konkurencieschopnosť |
| 100 | 1 | |a Kozák, Vratislav | |